|
|
|
|
| LEADER |
00000cam a2200000 7i4500 |
| 001 |
0000062529 |
| 005 |
20100124093000.0 |
| 008 |
090521s1996 enk eng |
| 020 |
|
|
|a 1861263910 (pbk.)
|
| 020 |
|
|
|a 9781861263919 (pbk.)
|
| 090 |
0 |
0 |
|a TS227.2
|b .P75 1996
|
| 100 |
1 |
|
|a Pritchard, Derek ,
|e author
|
| 245 |
1 |
0 |
|a Soldering, brazing & welding :
|b a manual of techniques
|c Derek Pritchard
|
| 246 |
3 |
0 |
|a Soldering, brazing and welding
|
| 260 |
|
|
|a Ramsbury, Marlborough :
|b The Crowood Press ,
|c c1996
|
| 300 |
|
|
|a 160 p. :
|b ill. ;
|c 25 cm.
|
| 500 |
|
|
|a Includes index
|
| 505 |
0 |
|
|a What is welding -- 2. Non-fusion joining methods -- 3. Oxy-acetylene welding -- 4. Manual metal arc welding -- 5. MIG welding -- 6. TIG welding -- 7. Welding other metals -- 8. Distortion control -- 9. Quality in welding
|
| 650 |
|
0 |
|a Brazing
|x Technique
|
| 650 |
|
0 |
|a Solder and soldering
|x Technique
|
| 650 |
|
0 |
|a Welding
|x Technique
|
| 999 |
|
|
|a 1000127558
|b Book
|c OPEN SHELF (30 DAYS)
|e Gong Badak Campus
|